Les Mancomunitats : antecedents, la Mancomunitat Catalana, Lley de mancomunitats antecedents, la Mancomunitat Catalana, Lley de mancomunitats
Descripción Física:
XXIII, 69 p. ; 22 cm
MARC
| LEADER | 00000nam a2200000Ia 4500 | ||
|---|---|---|---|
| 001 | 2349 | ||
| 003 | BGR | ||
| 005 | 20260324175408.0 | ||
| 008 | 160829s1912 xx 000 0 cat d | ||
| 080 | |a M-3-372 | ||
| 245 | |a Les Mancomunitats : |b antecedents, la Mancomunitat Catalana, Lley de mancomunitats | ||
| 260 | |a Barcelona : |b Lliga Regionalista, |c 1912 | ||
| 300 | |a XXIII, 69 p. ; |c 22 cm | ||
| 590 | |a Hi ha un duplicat a: DUP-228 | ||
| 610 | 0 | |a Catalunya. |b Mancomunitat |x Història |9 19438 | |
| 650 | |a Mancomunitats |x Espanya |9 45247 | ||
| 710 | 1 | |a Lliga Regionalista |9 71364 | |
| 901 | |a Arxiu | ||
| 942 | |n 1 |2 udc |c MON | ||
| 952 | |0 0 |1 0 |4 0 |6 M3372 |7 1 |9 45629 |a Arxiu |b Arxiu |d 2016-12-01 |l 0 |o M-3-372 |p 2349 |r 2016-12-01 00:00:00 |w 2016-12-01 |y ARXIU | ||
| 999 | |c 49128 |d 49128 | ||